000
00339nam a2200145Ia 4500
008
150201s2011 xx 000 0 und d
082
_a
617.6
_b
D2008K
100
_a
KOHLI,ANIL
245
_a
DENTAL CARE FOR CHILDERN
250
_a
1ST
260
_b
ELSEVIER
_a
DELHI
_c
2011
300
_a
1-350
650
_a
PEDODONTICS
942
_2
ddc
_c
BK
_0
3
999
_c
4682
_d
4682